Kontrola súborov vstupných diskrétnych hodnôt pomocou podsystému Pivot Table systému Excel verzie 2007

Opis postupu kontroly súborov vstupných diskrétnych hodnôt údajov. Kontrola korektnosti pomocou Pivot Table - kontingenčnej tabuľky.

Uložené v:
Podrobná bibliografia
Hlavný autor: Chajdiak, Jozef
Médium: Kapitola
Jazyk:Slovak
Predmet:
Tagy: Pridať tag
Žiadne tagy, Buďte prvý, kto otaguje tento záznam!

MARC

LEADER 00000naa$a2200000$$$4500
001 0112613
005 20220715093713.7
041 0 |a slo 
044 |a SK 
245 1 0 |a Kontrola súborov vstupných diskrétnych hodnôt pomocou podsystému Pivot Table systému Excel verzie 2007  |c Jozef Chajdiak 
520 |a Opis postupu kontroly súborov vstupných diskrétnych hodnôt údajov. Kontrola korektnosti pomocou Pivot Table - kontingenčnej tabuľky. 
610 2 0 |a procesory tabuľkové 
610 2 0 |a chyby štatistické 
610 2 0 |a štatistika 
100 1 |a Chajdiak, Jozef